Las glosas del Códice Albeldense (Record no. 77640)

MARC details
000 -LEADER
campo de control de longitud fija 00776nam a2200217 i 4500
001 - NÚMERO DE CONTROL
campo de control 77640
003 - IDENTIFICADOR DE NÚMERO DE CONTROL
campo de control ES-MaACL
005 - FECHA Y HORA DE LA ÚLTIMA TRANSACCIÓN
campo de control 20230906173322.0
007 - CAMPO FIJO DE DESCRIPCIÓN FÍSICA--INFORMACIÓN GENERAL
campo de control de longitud fija t|
008 - DATOS DE LONGITUD FIJA--INFORMACIÓN GENERAL
campo de control de longitud fija 041028s2003 sp ||||1| spa d
020 ## - NÚMERO INTERNACIONAL ESTÁNDAR DEL LIBRO
Número Internacional Estándar del Libro 84-607-9072-X
080 ## - NÚMERO DE LA CLASIFICACIÓN DECIMAL UNIVERSAL
Número de la Clasificación Decimal Universal 091 Códice albeldense
100 1# - ENTRADA PRINCIPAL--NOMBRE DE PERSONA
Nombre de persona García Turza, Claudio.
9 (RLIN) 55348
245 14 - MENCIÓN DEL TÍTULO
Título Las glosas del Códice Albeldense
Resto del título : (Biblioteca del Real Monasterio de El Escorial, Ms.D.I.2.) /
Mención de responsabilidad, etc. edición y estudio Claudio García Turza.
260 ## - PUBLICACIÓN, DISTRIBUCIÓN, ETC.
Lugar de publicación, distribución, etc. Logroño :
Nombre del editor, distribuidor, etc. Fundación San Millán de la Cogolla,
Fecha de publicación, distribución, etc. 2003.
300 ## - DESCRIPCIÓN FÍSICA
Extensión 252 p. :
Otras características físicas facs. ;
Dimensiones 31 cm.
630 07 - PUNTO DE ACCESO ADICIONAL DE MATERIA--TÍTULO UNIFORME
Título uniforme Códice albendense.
9 (RLIN) 120011
650 14 - PUNTO DE ACCESO ADICIONAL DE MATERIA--TÉRMINO DE MATERIA
Término de materia o nombre geográfico como elemento de entrada Glosas marginales.
9 (RLIN) 13129
710 2# - ENTRADA AGREGADA--NOMBRE DE ENTIDAD CORPORATIVA
Nombre de entidad corporativa o nombre de jurisdicción como elemento de entrada Fundación San Millán de la Cogolla.
9 (RLIN) 4413
852 ## - LOCALIZACIÓN
Ubicación ES-MaACL
Número de control de estantería L-28378
Sublocalización o colección R.134278
Holdings
Estatus retirado Estado de pérdida Estado de daño No para préstamo Biblioteca de origen Biblioteca actual Ubicación en estantería Fecha de adquisición Fuente de adquisición Total de préstamos Signatura topográfica completa Código de barras Visto por última vez Precio de reemplazo Tipo de ítem Koha
        Biblioteca del Ateneo de Madrid Biblioteca del Ateneo de Madrid Depósito 2 17/01/2008     L-28378 1081230 23/02/2023 23/02/2023 Libro impreso